000 00346pab a2200157 454500
008 180718b2006 xxu||||| |||| 00| 0 eng d
100 _aSingh, Pankaj Kumar
245 _aPlea bargaining
260 _c2006
300 _ap.14-17.
362 _aJul-Dec
650 _aLegal procedure
773 _aCBI Bulletin
908 _aN
909 _a74593
999 _c74593
_d74593